000 00520nam a2200181Ia 4500
003 GCL
008 140319s9999 xx 000 0 ara d
040 _aGCL /
_cGCL
082 0 4 _aد
_b050
100 1 _aجورج عزيز (مراجع)
245 1 0 _a"هوشىمنه""الزعيم الاسطورى "" (اقرا 324)" /
_cجورج عزيز (مراجع)
700 1 _aجورج عزيز
300 _a159
490 _aاقرأ
_v0
650 0 4 _aهوشىمنه
650 0 4 _aهوشىمنه-تراجم
942 _2ddc
_cBK
999 _c48582
_d48582